| 000 | 00649nam a2200205Ia 4500 | ||
|---|---|---|---|
| 005 | 20260121110239.0 | ||
| 008 | 008 260114s9999 xx 000 0 hin d | ||
| 020 | _a9788132367253 | ||
| 037 | _aEBOOK | ||
| 040 |
_aCRL _bhin _cCRL |
||
| 041 |
_ahin _2hin |
||
| 084 | _qCRL | ||
| 100 |
_aगरिमा चावला / Garima Chawla _9943851 |
||
| 245 | 0 | _aजातिवाद: एक समस्या / Jaativad: Ek Samasya | |
| 260 |
_bभाषा प्रकाशन / Bhasha Prakashan _c2021 |
||
| 856 | _uhttps://bhashaprakashan.com/product-details/379582 | ||
| 942 | _cEBOOK | ||
| 999 |
_c1535516 _d1535516 |
||